Films avec Gaspard Ulliel par image - Statistiques

Statistiques générales
  • Ce quiz a été pris 21 fois
  • Le résultat moyen est 5 sur 16
Statistiques - réponses
Par images Réponse % Correct
Saint Laurent
95%
Un long dimanche de fiançailles
67%
Juste la fin du monde
57%
Jacquou le Croquant
52%
Hannibal Lecter : Les Origines du mal
48%
Sibyl
48%
La Princesse de Montpensier
38%
Eva
24%
Un peuple et son roi
19%
Embrassez qui vous voudrez
14%
L'Art d'aimer
14%
Les Confins du monde
14%
Les Egarés
14%
Le Dernier Jour
10%
Paris, je t'aime
10%
Plus que jamais
10%
Aucun quiz correspondant
Distribution des résultats
% des personnes avec chaque résultat
Percentile par nombre de réponses
Votre historique - résultats
Vous n’avez pas pris ce quiz